000 00415nam a22001697a 4500
999 _c10896
_d10896
003 OSt
008 210814b ||||| |||| 00| 0 eng d
082 _a294.5925
_bGIS
100 G _aGOSWAMI, C.L.
245 _aSrimad Bhagavata Mahapurana - Part 1
250 _aRep Vol-1
260 _aKolkata
_bGita Press Gorakhpur
_c2018
300 _a839
650 _aReligious
700 _aSHASTRI, M.A.
942 _2ddc
_cBK